000 00586cam a2200217 4500
001 J1158
008 090401t1992 xxu||||| |||| 00| 0 eng d
035 _a(Sirsi) u42103
041 _aeng
050 _a711.552
110 _aHillier Parker Research
_92002
245 _aShopping centre vacancies. - November 1992.
260 _aLondon
_bHillier Parker May and Rowden
_c1992
300 _a1 sheet ; 30cm.
350 _a0
650 _aSHOPPING CENTRES
650 _aVACANCY RATES
690 _aPROPERTY-COMMERCIAL PROPERTY-RETAIL PROPERTY
942 _n0
948 _c04/03/1997
999 _c91024
_d91024